[Event "FIDE Chesscom Online Nations Cup"]
[Site "Online"]
[Date "2020.05.07"]
[Round "6"]
[White "Wei, Yi"]
[Black "Firouzja, Alireza"]
[Result "1-0"]
[WhiteElo "2752"]
[BlackElo "2703"]
[Annotator "TA"]
[PlyCount "87"]
[EventDate "2020.05.05"]
[EventType "team-tourn"]
[SourceTitle "playchess.com"]
[Source "ChessBase"]
[SourceQuality "1"]
[WhiteTeam "China"]
[BlackTeam "World"]
[WhiteTeamCountry "CHN"]

{[%evp 9,87,-12,2,0,13,14,26,20,41,38,24,31,51,51,50,50,54,56,51,56,81,70,70,68,91,83,89,80,95,75,78,86,103,87,110,87,165,138,160,149,166,159,158,162,136,125,158,178,179,179,172,179,186,186,245,202,202,202,202,202,620,603,627,589,627,627,566,551,551,549,552,188,6230,6270,6195,5595,5716,5408,5197,3963]} 1. e4 c6 2. Nf3 d5 3. d3 dxe4 4. dxe4 Qxd1+ 5. Kxd1 Nf6 6. Nbd2 {B10: Caro-Kann: 2 d3 and 2 c4.} Bg4 7. Be2 Nbd7 8. Ne1 {White has an edge.} e5 {[#]} 9. Bxg4 $146 ({Predecessor:} 9. f3 Be6 10. Bc4 Bxc4 11. Nxc4 O-O-O 12. Ke2 Ne8 13. Nd3 f6 14. Be3 Nd6 15. Nxd6+ Bxd6 {½-½ (36) Ryan,J (2293)-Gomez Jurado,L (2221) Barcelona 2020}) 9... Nxg4 10. Ke2 f6 11. Nc4 h5 12. Nd3 Nh6 13. Be3 Nf7 14. Rhd1 h4 15. h3 g5 16. a4 {[%cal Ba2a4,Ba4a5][%mdl 32]} b6 17. f3 Be7 18. Bf2 Nd8 19. Ne3 Ne6 20. Nf5 c5 21. a5 b5 22. a6 Rb8 (22... b4 $16 {is a better defense.}) 23. b4 $18 c4 24. Nc5 $1 {[%cal Rc5e6]} Ndxc5 25. bxc5 Bxc5 26. Bxc5 Nxc5 {[#]} 27. Rd6 $1 {[%cal Rd6c6] Threatens to win with Rc6.} Kf7 28. Rd5 Ne6 29. Rd7+ {[%mdl 64] Double Attack} Kg6 30. Rxa7 b4 31. Rd7 Rb6 (31... Nd4+ {might work better.} 32. Nxd4 exd4) 32. Rb7 Rxb7 33. axb7 {[%mdl 4096] Endgame KRN-KRN} Rb8 {[#]} 34. Nd6 $1 Nd4+ $2 (34... b3 35. cxb3 cxb3) 35. Kd1 b3 36. cxb3 cxb3 37. Kc1 Nc6 38. Ra6 Nd8 39. Rb6 Kg7 40. Rxb3 $2 (40. Kb2 {aiming for Kc3.} Kf8 41. Kxb3) 40... Nf7 $2 (40... Kf8 41. Rc3 Nxb7) 41. Nxf7 {White is clearly winning.} Kxf7 42. Kc2 Ke6 43. Kc3 Kd6 44. Kc4 {Accuracy: White = 91%, Black = 66%.} 1-0

[Event "FIDE Chesscom Online Nations Cup"]
[Site "Online"]
[Date "2020.05.07"]
[Round "6"]
[White "So, Wesley"]
[Black "Adhiban, B.."]
[Result "1-0"]
[WhiteElo "2741"]
[BlackElo "2624"]
[Annotator "TA"]
[PlyCount "71"]
[EventDate "2020.05.05"]
[EventType "team-tourn"]
[SourceTitle "playchess.com"]
[Source "ChessBase"]
[SourceQuality "1"]
[WhiteTeam "United States"]
[BlackTeam "India"]
[WhiteTeamCountry "USA"]
[BlackTeamCountry "IND"]

{[%evp 11,71,12,15,19,21,10,16,7,-3,-5,-4,-19,0,0,-8,-6,0,-37,-24,-27,88,95,61,78,87,89,93,89,115,113,115,120,126,116,140,109,256,234,293,287,370,345,566,507,553,503,535,528,685,568,743,568,891,878,818,708,695,529,689,696,1216,1194]} 1. e4 e5 2. Nf3 Nc6 3. Bb5 a6 4. Ba4 Nf6 5. O-O Bc5 6. Bxc6 dxc6 ({Reject} 6... bxc6 7. Nxe5 Nxe4 8. Qe2 $16) 7. d3 {C78: Ruy Lopez: Archangelsk and Möller Defences.} Qe7 {7...Nd7 gains popularity. Played by Pentala Harikrishna in November 2019.} 8. Nbd2 Bg4 9. Nc4 {The position is equal.} Nd7 10. h3 Bh5 {[#]} 11. a3 $5 $146 {[%mdl 8] An interesting novelty.} ({Predecessor:} 11. Be3 f6 12. Qe2 g5 13. Bxc5 Nxc5 14. Ne3 Ne6 15. Nf5 Qd7 16. Qe3 c5 17. Rab1 {½-½ (31) Almasi,Z (2702)-Fressinet,L (2649) Batumi 2018}) 11... O-O-O 12. b4 $36 {[%mdl 2048] White has good play.} Bd4 13. Rb1 Nb6 14. Ne3 Bxe3 15. Bxe3 g5 (15... Kb8 $11) 16. Bxg5 $16 f6 17. Bh4 Rhg8 18. Qe2 Na4 19. Rb3 Rdf8 20. Qe3 Kb8 21. Kh2 Ka8 22. c4 Nb6 23. Bg3 f5 {Black cannot hold the game after this.} (23... Bxf3 $16 24. Qxf3 Nd7) 24. Nxe5 $18 fxe4 25. dxe4 Qe6 26. c5 Nc8 $2 (26... Nc4 27. Nxc4 {[%mdl 64] Discovered Attack} Qxc4) 27. Rd3 {White is clearly winning.} Ne7 28. Re1 Ka7 29. a4 Be8 30. Rd8 h5 31. h4 Qf6 {[#] Now ...Nf5 and Black clings on.} 32. b5 $1 cxb5 (32... axb5 33. axb5) 33. axb5 Bxb5 34. c6+ b6 {[#]} 35. Nd7 $1 {[%mdl 576] Threatening mate with Qxb6+! Double Attack, Discovered Attack} Rxg3 36. Qxg3 {Accuracy: White = 93%, Black = 47%.} 1-0

[Event "FIDE Chesscom Online Nations Cup"]
[Site "Online"]
[Date "2020.05.07"]
[Round "6"]
[White "Karjakin, Sergey"]
[Black "Duda, Jan-Krzysztof"]
[Result "1/2-1/2"]
[WhiteElo "2709"]
[BlackElo "2774"]
[Annotator "TA"]
[PlyCount "65"]
[EventDate "2020.05.05"]
[EventType "team-tourn"]
[SourceTitle "playchess.com"]
[Source "ChessBase"]
[SourceQuality "1"]
[WhiteTeam "Russia"]
[BlackTeam "Europe"]
[BlackTeamCountry "POL"]

{[%evp 11,65,11,10,12,28,0,13,12,30,11,15,21,13,0,0,0,8,0,11,0,0,0,27,22,25,0,0,0,8,6,9,0,5,4,4,4,6,0,0,0,0,0,0,0,8,0,2,0,0,0,0,0,0,0,0,0]} 1. e4 c5 2. Nf3 d6 3. d4 cxd4 4. Nxd4 Nf6 5. Nc3 a6 6. Bd3 g6 7. Be3 {7.f3 gains popularity. B90: Sicilian Najdorf: Unusual White 6th moves, 6 Be3 Ng4 and 6 Be3 e5.} Nc6 8. f3 {[#]} Nxd4 $146 ({Predecessor:} 8... Qb6 9. a3 e5 10. Nf5 Qd8 11. Ng3 Be6 12. Qd2 h5 13. O-O-O Rc8 14. Kb1 Bg7 {1-0 (28) Swiercz,D (2667)-Gabuzyan,H (2613) Chicago 2019}) 9. Bxd4 Bh6 10. Nd5 Nxd5 11. exd5 O-O 12. O-O Qa5 13. c4 e5 14. dxe6 Bxe6 15. Qe1 Qxe1 16. Rfxe1 Rfc8 17. b3 d5 {[%cal Rd5c4]} 18. cxd5 Bxd5 {The position is equal.} 19. Rad1 Re8 20. Kf2 Bc6 21. Bf6 Bg7 {[#] Hoping for ...Rxe1.} 22. Bxg7 Kxg7 23. Rxe8 Rxe8 $11 {[%mdl 4096] Endgame KRB-KRB} 24. Rc1 Rd8 25. Ke3 Rd6 26. h4 h6 27. b4 Kf6 28. a3 Ke7 29. Rc3 Re6+ 30. Kd2 Rd6 31. Ke3 Re6+ 32. Kd2 Rd6 33. Ke3 {An uneventful encounter. Accuracy: White = 95%, Black = 95%.} 1/2-1/2

[Event "FIDE Chesscom Online Nations Cup"]
[Site "Online"]
[Date "2020.05.07"]
[Round "6"]
[White "Vidit, Santosh Gujrathi"]
[Black "Caruana, Fabiano"]
[Result "1/2-1/2"]
[WhiteElo "2636"]
[BlackElo "2773"]
[Annotator "TA"]
[PlyCount "103"]
[EventDate "2020.05.05"]
[EventType "team-tourn"]
[SourceTitle "playchess.com"]
[Source "ChessBase"]
[SourceQuality "1"]
[WhiteTeam "India"]
[BlackTeam "United States"]
[WhiteTeamCountry "IND"]
[BlackTeamCountry "USA"]

{[%evp 21,103,20,12,12,35,25,54,31,47,46,54,52,47,49,37,47,45,45,42,43,91,80,71,83,97,79,78,77,70,78,75,70,70,70,74,66,66,80,72,80,73,66,67,66,81,87,85,17,24,17,47,25,50,8,8,0,8,-257,8,8,8,8,8,0,0,0,0,0,0,0,0,0,0,0,0,0,0,0,0,0,0,0,0,0]} 1. d4 Nf6 2. c4 g6 3. Nc3 Bg7 4. g3 O-O 5. Bg2 d6 6. Nf3 c6 7. O-O Bf5 8. b3 Ne4 9. Bb2 Nxc3 10. Bxc3 Be4 11. e3 Nd7 12. Qe2 {E62: King's Indian: Fianchetto: 6...c6 and Panno Variation (6...Nc6) without ...a6.} c5 13. Rac1 {[#]} Qc7 $146 ({Predecessor:} 13... Rc8 14. Rfd1 a6 15. Bh3 Bxf3 16. Qxf3 cxd4 17. exd4 Rb8 18. Qe2 Re8 19. Rc2 d5 {1-0 (55) Valdes Romero,L (2387)-Chon,Y (2025) Baku 2016}) 14. Rfd1 {White is slightly better.} a5 15. Bh3 b6 16. Ng5 Bb7 17. d5 Bxc3 18. Rxc3 a4 19. e4 axb3 20. axb3 Nf6 21. f4 h6 22. Nf3 e5 23. dxe6 {aiming for e5.} Nxe4 24. exf7+ Qxf7 25. Re3 Rfe8 {[#] Threatens to win with ...Nc3!} 26. Re1 Qg7 27. Qd3 {[%cal Re3e4]} Ra1 28. Rxa1 Qxa1+ 29. Re1 $1 {[%cal Re1a1]} Qg7 30. Nd2 {[%cal Rd2e4]} Nf6 31. Re6 Rxe6 $1 32. Bxe6+ Kh7 33. Qxd6 Ne4 34. Nxe4 (34. Qd3 $16 Qa1+ 35. Nf1) 34... Bxe4 $11 35. Qd2 Qf6 36. Qd7+ Qg7 37. Bg4 (37. Qxg7+ {feels hotter.} Kxg7 38. Bd7 Bc2 39. Ba4 g5 40. fxg5 hxg5 41. Kf1) 37... Bc2 38. Kf2 (38. Qe6 {is more complex.} Qd4+ 39. Kg2 Qe4+ 40. Qxe4 Bxe4+ 41. Kf2) 38... Bxb3 39. Qxg7+ Kxg7 {[%mdl 4096] Endgame KB-KB} 40. Be2 {The position is equal.} Kf6 41. Ke3 Ba4 42. h4 h5 43. g4 hxg4 44. Bxg4 Be8 45. Ke4 Bc6+ 46. Ke3 b5 47. cxb5 Bxb5 48. h5 gxh5 49. Bxh5 c4 50. Kd4 Kf5 51. Be2 Kxf4 52. Bxc4 {Accuracy: White = 93%, Black = 89%.} 1/2-1/2

[Event "FIDE Chesscom Online Nations Cup"]
[Site "Online"]
[Date "2020.05.07"]
[Round "6"]
[White "Ju, Wenjun"]
[Black "Muzychuk, Mariya"]
[Result "1-0"]
[WhiteElo "2610"]
[BlackElo "2506"]
[Annotator "TA"]
[PlyCount "139"]
[EventDate "2020.05.05"]
[EventType "team-tourn"]
[SourceTitle "playchess.com"]
[Source "ChessBase"]
[SourceQuality "1"]
[WhiteTeam "China"]
[BlackTeam "World"]
[WhiteTeamCountry "CHN"]
[BlackTeamCountry "UKR"]

{[%evp 9,139,16,0,0,0,0,0,2,0,0,0,0,0,6,12,-3,0,0,8,0,0,0,11,5,23,0,0,0,0,0,0,0,43,39,46,45,47,46,44,0,0,0,78,78,78,78,78,78,78,78,78,78,78,78,78,60,78,73,79,79,79,79,79,79,79,79,79,78,78,78,78,78,78,78,78,60,60,60,60,60,78,78,86,79,229,79,79,49,49,0,0,0,41,41,49,49,49,49,49,49,49,41,12837,12838,12838,12838,12843,12839,12849,12849,12850,12850,12850,27999,12851,27999,12851,27999,12851,12851,12851,27999,12851,12851,12851,12851,12851,27999,12851,27999,12851,27997]} 1. d4 Nf6 2. c4 g6 3. g3 c6 4. Bg2 d5 5. Qa4 Bg7 6. cxd5 {D71: Fianchetto Grünfeld: 3 g3 d5 sidelines and 5 cxd5 (without Nf3).} Nxd5 7. Nf3 Bg4 8. e3 {The position is equal.} O-O 9. Nc3 Nb6 10. Qc2 {[#]} N8d7 $146 ({Predecessor:} 10... Bxf3 11. Bxf3 e5 12. dxe5 Bxe5 13. O-O Qe7 14. Bg2 Na6 15. e4 Rad8 16. Bh6 Bg7 17. Bxg7 Kxg7 {0-1 (32) Neckar,L (2337)-Chmiel,P (2256) Czechia 2009}) 11. O-O e5 12. Nxe5 Nxe5 13. dxe5 Bxe5 14. Qe4 Bxc3 $1 15. bxc3 Bf5 16. Qb4 a5 17. Qd4 Re8 18. Ba3 Qxd4 19. cxd4 Nc4 20. Bc5 Nb2 21. Rfc1 Nd3 22. Rc3 Nxc5 23. Rxc5 a4 24. d5 cxd5 25. Bxd5 Be4 (25... Rab8 $11 {keeps the balance.}) 26. Bxe4 $16 Rxe4 {[%mdl 4096] Endgame KRR-KRR} 27. Rb1 Re7 28. Kf1 h5 29. h4 Kg7 30. Ke2 Ra6 31. Rb4 Rd7 32. Rcc4 a3 33. Ra4 Rb6 {Threatens to win with ...Rb2+.} 34. Rc2 $1 Rb1 35. Rxa3 Rdd1 36. Rac3 Re1+ 37. Kf3 Rb6 38. Rc7 Ra1 39. Rd7 Ra6 40. Rdd2 Ra4 41. Rb2 b5 42. e4 (42. Re2 {feels hotter.} Kf6 43. Rec2 Kg7 44. Rd2 Kf6 45. Rbc2) 42... Re1 43. Re2 Rxe2 44. Rxe2 $14 {KR-KR} Ra3+ 45. Kf4 Kf6 46. Rc2 Ke6 {[#]} (46... Ra4 $16) 47. f3 (47. Kg5 $1 $18 {is the precise move to win.}) 47... Kf6 48. e5+ Ke6 49. Rc6+ Ke7 50. Rb6 Rxa2 51. Rxb5 Kf8 52. e6 Ra6 53. Rb8+ Ke7 54. exf7 Kxf7 55. Kg5 {Hoping for Kh6.} Ra5+ $2 {[%mdl 8192] [#] Black is on the road to losing.} (55... Ra3 $14) 56. Kh6 $1 $18 Ra3 57. Rb7+ Kf8 58. Rg7 Rxf3 59. Rxg6 Rf5 {[#]} 60. Rg5 $1 Rf6+ 61. Kxh5 Kf7 62. Kg4 Ra6 63. Rf5+ Kg6 64. h5+ Kh6 65. Kh4 Ra1 66. Rf6+ Kg7 67. Rb6 Ra5 68. g4 Rc5 69. Rb7+ Kf6 {[#]} 70. g5+ $1 {Accuracy: White = 90%, Black = 85%.} 1-0

[Event "FIDE Chesscom Online Nations Cup"]
[Site "Online"]
[Date "2020.05.07"]
[Round "6"]
[White "Amin, Bassem"]
[Black "Yu, Yangyi"]
[Result "1/2-1/2"]
[WhiteElo "2608"]
[BlackElo "2738"]
[Annotator "TA"]
[PlyCount "112"]
[EventDate "2020.05.05"]
[EventType "team-tourn"]
[SourceTitle "playchess.com"]
[Source "ChessBase"]
[SourceQuality "1"]
[WhiteTeam "World"]
[BlackTeam "China"]
[WhiteTeamCountry "EGY"]
[BlackTeamCountry "CHN"]

{[%evp 20,112,10,1,14,8,24,16,29,9,40,0,0,-26,-19,-25,-8,-51,-50,-89,-73,-79,-89,-81,-85,-64,-71,-74,-22,-29,-22,-22,-18,-21,0,0,0,0,0,0,0,-12,0,0,0,0,0,0,0,0,0,0,0,0,0,0,0,0,0,0,0,0,0,0,0,-9,0,0,0,0,0,0,0,0,0,0,0,0,0,0,0,0,0,0,0,0,0,0,0,0,0,0,0,0,0]} 1. Nf3 d5 2. g3 c6 3. Bg2 Bf5 4. O-O e6 5. d3 h6 6. Nbd2 Nf6 7. b3 Be7 8. Bb2 O-O 9. Re1 Bh7 10. e4 a5 11. a3 Na6 {[%cal Bb8a6,Ba6c5,Bc5d7,Bd7f6][%mdl 32] A07: Réti Opening: New York and Capablanca Systems.} 12. Qe2 {[#]} Qc7 $146 ({Predecessor:} 12... b5 13. Rad1 Qb6 14. Bh3 dxe4 15. Nxe4 Nxe4 16. dxe4 Rad8 17. Ne5 Bf6 18. Bg2 Nb8 19. c4 {1-0 (52) Fedoseev,V (2724)-Shankland,S (2725) Wijk aan Zee 2019}) 13. Ne5 Rad8 14. Rad1 Nc5 15. Ng4 Ncd7 16. h3 b5 {[%cal Bb7b5,Bb5b4][%mdl 32]} 17. Nxf6+ Nxf6 18. d4 b4 19. a4 dxe4 20. Nxe4 Nxe4 21. Bxe4 Bxe4 22. Qxe4 Rd5 23. Rd3 Rfd8 (23... Rc8 $17) 24. Red1 $1 $11 Bf6 25. Bc1 $1 {The position is equal.} Bg5 26. Bxg5 Rxg5 27. c4 bxc3 28. Rxc3 Rgd5 29. Rdc1 Qb7 30. Rxc6 Qxb3 31. Rc8 Qb6 32. R1c5 Rxc8 33. Rxc8+ {[%mdl 4096] Endgame KQR-KQR} Rd8 34. Qa8 Rxc8 35. Qxc8+ {KQ-KQ} Kh7 36. Qd7 Kg6 37. h4 Qb1+ 38. Kg2 Qe4+ 39. Kg1 Qd5 40. Qa7 Kf6 41. Qb6 Kf5 42. Qc7 Kg6 ({Of course not} 42... Qxd4 $6 43. Qxf7+ Qf6 44. Qh5+ g5 45. Kg2 $16) 43. Qa7 Kf6 44. Qb6 g5 45. hxg5+ hxg5 46. Qc7 Kg6 47. Qc2+ Qf5 48. Qc7 Qb1+ 49. Kg2 Qe4+ 50. Kg1 Qe1+ 51. Kg2 Qb4 52. Qd7 Qc4 53. Qb5 Qd5+ 54. Qxd5 exd5 55. g4 $1 f5 56. f3 f4 {Accuracy: White = 89%, Black = 95%.} 1/2-1/2

[Event "FIDE Chesscom Online Nations Cup"]
[Site "Online"]
[Date "2020.05.07"]
[Round "6"]
[White "Muzychuk, Anna"]
[Black "Goryachkina, Aleksandra"]
[Result "1/2-1/2"]
[WhiteElo "2533"]
[BlackElo "2502"]
[Annotator "TA"]
[PlyCount "75"]
[EventDate "2020.05.05"]
[EventType "team-tourn"]
[SourceTitle "playchess.com"]
[Source "ChessBase"]
[SourceQuality "1"]
[WhiteTeam "Europe"]
[BlackTeam "Russia"]
[WhiteTeamCountry "UKR"]
[BlackTeamCountry "RUS"]

{[%evp 10,75,18,12,20,15,28,10,18,20,20,15,19,9,18,16,13,0,11,11,5,9,19,0,12,8,15,13,11,11,14,0,0,0,0,0,0,0,0,0,1,0,0,0,0,0,0,0,0,0,0,0,0,0,0,0,0,0,0,0,3,3,17,7,14,4,4,0]} 1. e4 e6 2. d4 d5 3. exd5 exd5 4. Nf3 Nc6 5. Nc3 Bb4 6. Bd3 Nge7 {C01: French: Exchange Variation.} 7. O-O O-O 8. h3 Bf5 {The position is equal.} 9. Ne2 Bd6 {[#]} 10. c3 $146 ({Predecessor:} 10. Re1 Qd7 11. c3 Ng6 12. Bxf5 Qxf5 13. Ng3 Bxg3 14. fxg3 Rae8 15. Bd2 Rxe1+ 16. Nxe1 {½-½ (65) Goncharov,I (2384)-Arounopoulos,S (2281) ICCF email 2011}) 10... Bxd3 11. Qxd3 Ng6 12. Bd2 Qd7 13. Rae1 Rae8 14. Ng3 Bxg3 15. fxg3 a6 16. g4 Rxe1 17. Rxe1 Re8 18. Qf5 Rxe1+ 19. Bxe1 Qd8 20. Ng5 Qe8 21. Bg3 h6 22. Nf3 Nce7 23. Qd3 Qd7 24. Qe2 Nc8 25. g5 hxg5 26. Nxg5 Nf8 27. Nf3 f6 28. Ne1 Nd6 29. Bxd6 Qxd6 30. Nd3 Ne6 31. Qh5 Qd7 32. Qf5 Qd6 33. h4 c6 34. Kf2 Qe7 35. g3 Qf7 36. Qg4 g6 37. Nf4 Nxf4 38. Qxf4 {Not much happened in this game. Accuracy: White = 100%, Black = 100%.} 1/2-1/2

[Event "FIDE Chesscom Online Nations Cup"]
[Site "Online"]
[Date "2020.05.07"]
[Round "6"]
[White "Koneru, Humpy"]
[Black "Krush, Irina"]
[Result "1/2-1/2"]
[WhiteElo "2483"]
[BlackElo "2392"]
[Annotator "TA"]
[PlyCount "106"]
[EventDate "2020.05.05"]
[EventType "team-tourn"]
[SourceTitle "playchess.com"]
[Source "ChessBase"]
[SourceQuality "1"]
[WhiteTeam "India"]
[BlackTeam "United States"]
[WhiteTeamCountry "IND"]
[BlackTeamCountry "USA"]

{[%evp 14,106,14,22,22,6,20,11,37,27,49,59,35,45,32,54,41,11,15,12,9,0,0,0,0,0,6,-31,-14,-25,-24,-30,-33,-28,-24,-30,0,0,0,-80,-80,-80,-80,-80,-80,-80,-80,-87,-80,-88,-67,-81,-35,-85,-73,-95,-95,-173,-179,-231,-231,-231,-231,-205,-190,-217,-8,-8,-8,-8,0,-8,-8,-8,-8,-8,-8,-8,0,0,0,0,0,-8,-8,-8,0,0,0,0,0,0,0,0,0]} 1. d4 d5 2. c4 dxc4 3. Nf3 Nf6 4. e3 e6 5. Bxc4 c5 6. O-O Nc6 7. Qe2 a6 {is cutting edge theory.} 8. Nc3 b5 {D28: Queen's Gambit Accepted: Classical main line: 7 Qe2 with early ...Nc6.} 9. Bd3 cxd4 10. exd4 Be7 11. Bg5 Bb7 12. Bxf6 {[#]} Bxf6 $146 ({Predecessor:} 12... gxf6 13. Be4 b4 14. d5 Na5 15. d6 Qxd6 16. Bxb7 Nxb7 17. Ne4 Qb6 18. Rad1 Rd8 19. Rxd8+ Nxd8 20. Qd2 Qb7 21. Qf4 f5 22. Ng3 Nc6 23. Qh6 a5 24. Nh5 Nd8 25. Ne5 Bf8 26. Qg5 {1-0 (26) Pulpan,J (2400)-Rigopoulos Tsigkos,A (2117) Katowice 2017}) 13. d5 Nb4 $1 {[%cal Rb4d3]} 14. Bxb5+ $1 Kf8 15. Bc4 (15. Bc6 $5 Nxc6 16. dxc6 Bxc6 17. Ne5 $14) 15... Nxd5 16. Ne4 g6 17. Rac1 Kg7 18. Rfd1 Qe7 19. Nxf6 Qxf6 20. Qe5 Rhd8 21. Kf1 a5 22. Qxf6+ Kxf6 23. Nd2 Nb4 24. f3 Nd3 25. Bxd3 Rxd3 26. Nb3 (26. Ke2 $11 Rdd8 27. Ke3) 26... Rxd1+ $17 27. Rxd1 {[%mdl 4096] Endgame [#] KRB-KRN} Bd5 $1 28. Rd4 Bxb3 29. axb3 {KR-KR} Rb8 30. Rd3 e5 31. Ke2 Ke6 32. Kd1 f5 33. Kc2 e4 34. fxe4 fxe4 35. Rd4 (35. Rh3 $17) 35... Ke5 $19 36. Ra4 (36. Rd7 {was worth a try.}) 36... Rb5 37. Kd2 Kf4 ({Not} 37... Rxb3 38. Rxa5+ Kf4 39. Kc2 $15) 38. Ke2 Rxb3 39. g3+ {[#]} Ke5 $2 (39... Kf5 $1 $19 40. Rxa5+ Kg4) 40. Rxa5+ $11 {The position is equal.} Kd4 41. Ra4+ Ke5 42. Ra5+ Kf6 43. Ra2 Kf5 44. Kf2 h5 45. h3 h4 46. Ra5+ Kf6 47. gxh4 Rxh3 48. b4 Rxh4 49. Ke3 Ke6 50. Rg5 Rh3+ 51. Kxe4 Rh4+ 52. Ke3 Rxb4 53. Rxg6+ Kf5 {And White is the lucky defender. Accuracy: White = 80%, Black = 86%.} 1/2-1/2

[Event "FIDE Chesscom Online Nations Cup"]
[Site "Online"]
[Date "2020.05.08"]
[Round "7"]
[White "Ding, Liren"]
[Black "Vachier-Lagrave, Maxime"]
[Result "1/2-1/2"]
[WhiteElo "2836"]
[BlackElo "2860"]
[Annotator "TA"]
[PlyCount "90"]
[EventDate "2020.05.05"]
[EventType "team-tourn"]
[SourceTitle "playchess.com"]
[Source "ChessBase"]
[SourceQuality "1"]
[WhiteTeam "China"]
[BlackTeam "Europe"]
[WhiteTeamCountry "CHN"]
[BlackTeamCountry "FRA"]

{[%evp 17,90,27,18,27,37,25,31,37,30,32,34,40,129,138,143,132,166,114,111,115,114,98,126,117,134,106,110,105,113,113,129,129,125,127,135,124,129,115,123,82,106,18,27,43,28,0,0,0,0,0,148,137,129,139,222,220,226,85,87,9,7,0,0,0,0,0,0,0,0,0,0,0,0,0,0]} 1. Nf3 d5 2. e3 Nf6 3. c4 c6 4. Nc3 e6 5. b3 Bd6 6. Bb2 O-O 7. d4 Nbd7 8. Bd3 e5 9. cxd5 cxd5 {[#] Threatens to win with ...e4.} 10. dxe5 {D46: Semi-Slav: 5 e3 Nbd7 6 Bd3, Black avoids the Meran.} Nxe5 11. Be2 {11.h3 is the fancy move.} Nxf3+ 12. Bxf3 {White is slightly better.} Be5 13. O-O Bf5 14. Qd2 {[#]} Qe7 $146 (14... Ne4 $14 15. Nxe4 Bxb2 16. Qxb2 dxe4) ({Predecessor:} 14... Ne4 15. Nxe4 Bxb2 16. Qxb2 dxe4 17. Be2 Qe7 18. Rfd1 Rad8 19. b4 h6 20. Rxd8 Rxd8 {½-½ (32) Radjabov,T (2751)-Cheparinov,I (2696) Sofia 2008}) 15. Nxd5 $16 Nxd5 16. Bxe5 (16. Bxd5 $2 Rad8 $19) 16... Rfd8 17. Bd4 (17. Bxg7 $18 {Strongly threatening Bb2.} Kxg7 18. Bxd5) 17... Be4 18. Bxe4 Qxe4 19. Rac1 Nf4 {[%csl Gf4][%cal Re4g2] [#]} 20. f3 Qd5 21. Rfd1 Ne6 22. Qc2 {Black must now prevent Bf6!} Qg5 23. f4 Qe7 24. Bb2 h6 25. h3 Rxd1+ 26. Rxd1 Rd8 27. Rxd8+ Qxd8 28. f5 Ng5 29. Qc3 (29. Bd4 $16) 29... Qd1+ $11 30. Kh2 {[%csl Gb2][%cal Rc3g7]} f6 $1 31. Qd4 Qe1 32. Qd5+ Kh7 33. Bd4 h5 (33... b6 $11 {keeps the balance.}) 34. Bxa7 $16 ({Much worse is} 34. Qxb7 $6 h4 $11) 34... h4 35. Bb8 ({Don't play} 35. Qxb7 $6 Qg3+ 36. Kh1 Qe1+ 37. Kh2 Qg3+ 38. Kh1 Qe1+ 39. Kh2 $11) 35... Qxe3 (35... b5 $16 36. a3 (36. Qxb5 Ne4 $11) 36... Qxe3 37. Qxb5 Ne4) 36. Qxb7 $18 Qf2 37. Qd5 (37. a3 $18) 37... Qxa2 $16 38. Bf4 (38. Qd1 $16) 38... Qf2 $11 {The position is equal.} 39. Bd2 Nxh3 $1 {( -> ...Qg3+)} 40. Qf3 {Be3 is the strong threat.} Qxd2 41. Kxh3 Qb4 42. Qe3 Qb5 43. Qf3 Qb4 44. Qe3 Qb5 45. Qf3 Qb4 {Accuracy: White = 69%, Black = 78%.} 1/2-1/2